Khu vực hoá và toàn cầu hoá - hai mặt của tiến trình hội nhập quốc tế.
Gorde:
| Formatua: | Liburua |
|---|---|
| Argitaratua: |
Nxb Hà Nội
2000
|
| Etiketak: |
Etiketa erantsi
Etiketarik gabe, Izan zaitez lehena erregistro honi etiketa jartzen!
|
| Thư viện lưu trữ: | Mạng thư viện Đại học Đà Nẵng |
|---|
| LEADER | 00556nam a2200217 a 4500 | ||
|---|---|---|---|
| 001 | 000029662 | ||
| 003 | 6495 | ||
| 005 | 20171030145630.0 | ||
| 008 | 171030s2000 | ||
| 020 | |c 24000 | ||
| 040 | |a LTT | ||
| 082 | 0 | |a 337.1 |b Kh-V | |
| 245 | 0 | 0 | |a Khu vực hoá và toàn cầu hoá - hai mặt của tiến trình hội nhập quốc tế. |
| 260 | |b Nxb Hà Nội |c 2000 | ||
| OWN | |a LTT | ||
| 999 | |a From the UDN01 | ||
| TYP | |a Monograph | ||
| TYP | |a Printed language | ||
| 980 | |a Mạng thư viện Đại học Đà Nẵng | ||